Memorias perdidas : grecia y el mundo oriental /
Guardado en:
| Autor Principal: | |
|---|---|
| Formato: | Libro |
| Publicado: |
Madrid :
Akal,
2013
|
| Materias: | |
| Etiquetas: |
Agregar Etiqueta
Sin Etiquetas, Sea el primero en etiquetar este registro!
|
| LEADER | 00626nam a22001935a 4500 | ||
|---|---|---|---|
| 001 | EHU.bham043413 | ||
| 003 | AR-BHAM | ||
| 005 | 20150901103114.0 | ||
| 008 | 130507s2013##################000#0#####d | ||
| 020 | |a 9788446037316 | ||
| 082 | 9 | 3 | |a 938.07 |
| 100 | 1 | |a Gómez Espelosín, Francisco Javier | |
| 245 | 1 | 0 | |a Memorias perdidas : |b grecia y el mundo oriental / |c Francisco Javier Gómez Espelosín |
| 260 | |a Madrid : |b Akal, |c 2013 | ||
| 300 | |a 318 p. | ||
| 653 | |a Grecia-historia de | ||
| 653 | |a Historia antigua-grecia y oriente | ||
| 653 | |a Oriente-historia de | ||
| 859 | |a AR-BHAM |b BIB. HUMANIDADES - General |h 938.07 |i G586 |p 306.15 |t Ej.1 | ||
